000
nam a22 7a 4500
999
_c
53736
_d
53736
003
OSt
005
20220915165912.0
008
220725b xxu||||| |||| 00| 0 eng d
040
_c
IIMT UNIVERSITY
100
_a
SHELDON, SIDNEY
245
_a
THE NAKED FACE
260
_b
PEN BOOKS
_c
LONDON
_a
1970
300
_a
222
942
_2
ddc
_c
09